Statistics for Total Drama Revenge of the Island Elimination Order

Click here to take the quiz!

General Stats

  • This quiz has been taken 11 times
  • The average score is 11 of 14

Answer Stats

PlacementAnswer% Correct
7thDakota
100%
1st / 2ndLightning
100%
6thMike
100%
3rdZoey
100%
2nd / 1stCameron
86%
5thJo
86%
4thScott
86%
12thB
71%
9thBrick
71%
13thDakota
71%
10thSam
71%
14thStaci
71%
8thAnne Maria
57%
11thDawn
57%

Score Distribution

Percentile by Number Answered

Percent of People with Each Score

Your Score History

You have not taken this quiz